| 000 | 00818cam a2200277 a 4500 | ||
|---|---|---|---|
| 999 |
_c10483 _d10483 |
||
| 001 | 15107311 | ||
| 003 | OCoLC | ||
| 005 | 20210224153336.0 | ||
| 008 | 861230s1987 nyua b 001 0 eng | ||
| 010 | _a86030655 //r90 | ||
| 020 |
_a0140088954 _c(pbk.) : |
||
| 040 |
_aDLC _cDLC _dOUN |
||
| 050 | 0 | 0 |
_aHE8700.65 _bW776U |
| 082 | _bW776U | ||
| 100 | 1 | _aWinn, Marie | |
| 245 | 1 | 0 |
_aUnplugging the plug-in drug / _cMarie Winn ; drawings by Karla Kuskin |
| 260 |
_aNew York, N.Y., U.S.A. : _bPenguin Books, _c1987 |
||
| 300 |
_axviii, 206 p. : _bill. ; _c24 cm |
||
| 500 | _a"Penguin original"--Lable mounted on cover | ||
| 500 | _aIncludes index | ||
| 504 | _aBibliography: p. 201-202 | ||
| 650 | 0 | _aTelevision viewers | |
| 650 | 0 | _aTelevision programs | |
| 650 | 0 | _aTelevision broadcasting | |
| 942 |
_2ddc _cBK |
||